|
|
|
|
| LEADER |
00000nab a2200000uu 4500 |
| 001 |
vtls011150014 |
| 003 |
SK-MaSNL |
| 005 |
20260304212911.0 |
| 008 |
230131|2012 xo |||||||||||||||||cze| |
| 015 |
|
|
|a SNBRB
|
| 035 |
|
|
|a (urnnbn)urn:nbn:sk:snk:ar-a09zlt
|
| 035 |
|
|
|a (uuid)7979aea6-7a97-4d47-a7af-b6f07bb6cd41
|
| 035 |
|
|
|a urn:nbn:sk:snk-abazrj
|
| 040 |
|
|
|a SNKBUCL
|b slo
|c SNKBUCL
|e AACR2
|
| 041 |
0 |
|
|a cze
|
| 044 |
|
|
|a xo
|c SK
|
| 100 |
1 |
|
|a Galandáková, A.
|4 aut
|9 1545327
|
| 245 |
1 |
0 |
|a Oxidační stres u pacientů s náhradou funkce ledvin hemodialýzou a peritoneální dialýzou
|c A. Galandáková, J. Vostálová, J. Zadražil, P. Štrebl
|
| 700 |
1 |
|
|a Vostálová, J.
|4 aut
|9 1545328
|
| 700 |
1 |
|
|a Zadražil, Josef,
|d 1954-
|4 aut
|9 161303
|
| 700 |
1 |
|
|a Štrebl, P.
|4 aut
|9 1545322
|
| 773 |
0 |
|
|t Vnitřní lékařství : časopis Internistické sekce Československé lékařské společnosti J. E. Purkyně
|g Roč. 58, č. 6 (2012), s. 466-472
|
| 954 |
|
|
|a odborná, vedecká literatúra cudzojazyčná (svetová)
|2 lita
|
| 958 |
|
|
|a OND
|
| 958 |
|
|
|a EUIPO
|
| 958 |
|
|
|a article14
|
| 999 |
|
|
|c 3133370
|d 3135300
|